[Event "XXV OOM - Mistrzostwa Polski Juniorow Mlodszych - Chlopcy do lat 12"]
[Site "Sielpia"]
[Date "1899-12-30"]
[Round "2.25"]
[White "Merecki, Antoni"]
[Black "Sukiennik, Oliwier"]
[Result "1-0"]
[WhiteTitle "II"]
[BlackTitle "II+"]
[WhiteElo "1177"]
[BlackElo "1466"]

1. e4 d6 2. d4 Nf6 3. Nc3 g6 4. f4 Bg7 5. Nf3 O-O 6. Bd3 Nbd7 7. e5 Ne8 8. O-O
e6 9. Qe2 d5 10. Be3 b6 11. Qf2 Qe7 12. Rae1 c5 13. f5 gxf5 14. Bg5 f6 15. Nxd5
Qf7 16. exf6 Nexf6 17. Nc7 Ng4 18. Qg3 e5 19. Nxa8 e4 20. Bxe4 fxe4 21. Ne5 Bxe5
22. Rxf7 Bxg3 23. Rxf8+ Kxf8 24. hxg3 Bb7 25. Nc7 c4 26. d5 Nc5 27. Rf1+ Kg8 28.
Ne6 h6 29. Nxc5 bxc5 30. d6 Bc6 31. Rf4 h5 32. Rxe4 a6 33. Rxc4 1-0

[Event "XXV OOM - Mistrzostwa Polski Juniorow Mlodszych - Chlopcy do lat 12"]
[Site "Sielpia"]
[Date "1899-12-30"]
[Round "2.26"]
[White "Wolski, Michal"]
[Black "Adamala, Jacek"]
[Result "1-0"]
[WhiteTitle "II"]
[BlackTitle "II"]
[WhiteElo "1448"]
[BlackElo "1317"]

1. e4 e5 2. Nf3 Nc6 3. d4 exd4 4. Nxd4 Bc5 5. Be3 Qf6 6. c3 Nge7 7. g3 O-O 8. Bg2
Ne5 9. Qe2 d6 10. O-O a6 11. Nc2 Bxe3 12. Nxe3 Re8 13. Nd2 c6 14. f4 Nd7 15. Rad1
Ng6 16. Qf2 Nc5 17. Ndc4 Nxe4 18. Bxe4 Rxe4 19. Nxd6 Re7 20. Nec4 Bg4 21. Rde1
Rxe1 22. Rxe1 b5 23. Ne4 Qf5 24. Ncd6 Qd5 25. Qc5 Rd8 26. Nb7 Re8 27. Qxd5 cxd5
28. Nf6+ gxf6 29. Rxe8+ Kg7 30. Nc5 a5 31. Ra8 a4 32. Rb8 Be2 33. Kf2 Bg4 34.
Rxb5 Bd1 35. Ke1 Bc2 36. Kd2 Bb1 37. a3 Ba2 38. Rb4 Kh6 39. Rxa4 Kh5 40. Rb4 Kg4
41. a4 Kh3 42. a5 Bc4 43. Rxc4 dxc4 44. a6 Kxh2 45. a7 Kxg3 46. a8=Q Kxf4 47.
Qe4+ Kg5 48. Qg2+ Kh6 49. Ne4 Kg7 50. Qf2 f5 51. Qxf5 1-0

[Event "XXV OOM - Mistrzostwa Polski Juniorow Mlodszych - Chlopcy do lat 12"]
[Site "Sielpia"]
[Date "1899-12-30"]
[Round "3.1"]
[White "Kejna, Piotr"]
[Black "Fiszer, Bartosz"]
[Result "0-1"]
[WhiteTitle "CM"]
[BlackTitle "CM"]
[WhiteElo "1787"]
[BlackElo "2119"]

1. e4 c5 2. Nf3 Nc6 3. d4 cxd4 4. Nxd4 Nf6 5. Nc3 d6 6. Bc4 Bd7 7. Be3 Ng4 8. O-O
Nce5 9. Bd5 Nxe3 10. fxe3 e6 11. Bxb7 Rb8 12. Ba6 Qa5 13. Bd3 Rxb2 14. Nce2 Rb6
15. Nb3 Qa3 16. Ned4 Be7 17. Nf3 Bf6 18. Nbd2 Qc5 19. Nxe5 Bxe5 20. Nc4 Bxa1 21.
Nxb6 Qxe3+ 22. Kh1 Qxb6 23. Qxa1 O-O 24. e5 Rb8 25. Qd1 g6 26. Qf3 Be8 27. exd6
Qxd6 28. h4 Rb4 29. c4 Qd4 30. g3 Rb2 31. h5 Rxa2 32. hxg6 hxg6 33. Bxg6 Qh8+
34. Bh5 Bc6 0-1

[Event "XXV OOM - Mistrzostwa Polski Juniorow Mlodszych - Chlopcy do lat 12"]
[Site "Sielpia"]
[Date "1899-12-30"]
[Round "3.2"]
[White "Klimkowski, Jan"]
[Black "Starosciak, Szymon"]
[Result "0-1"]
[WhiteTitle "I"]
[BlackTitle "II+"]
[WhiteElo "2024"]
[BlackElo "1661"]

1. e4 c5 2. Nf3 d6 3. d4 cxd4 4. Nxd4 Nf6 5. Nc3 Nc6 6. Bg5 e6 7. Qd2 a6 8. O-O-O
Bd7 9. f3 Be7 10. h4 h6 11. Be3 h5 12. Bc4 Ne5 13. Bb3 b5 14. Bg5 Qc7 15. Rhe1
b4 16. Nce2 a5 17. Nf4 Qc8 18. Bxf6 gxf6 19. Nf5 Ra6 20. Nxe7 Kxe7 21. Kb1 a4
22. Bd5 Qc5 23. Nd3 Nxd3 24. cxd3 Qd4 25. Bc4 Rb6 26. f4 Rg8 27. f5 e5 28. Re2
Rg4 29. Rc1 Rxh4 30. Qh6 Rc6 31. Rec2 a3 32. b3 Rxc4 33. dxc4 Qxe4 34. Qd2 Bxf5
35. Ka1 Qxc2 36. Rxc2 Bxc2 37. Qc1 Ke8 38. c5 dxc5 39. Qf1 Rd4 40. Qb5+ Rd7 41.
Qc6 Be4 42. Qb5 h4 43. g4 h3 44. g5 h2 45. Qb8+ Rd8 46. Qb5+ Kf8 47. Qxc5+ Kg8
48. Kb1 0-1

[Event "XXV OOM - Mistrzostwa Polski Juniorow Mlodszych - Chlopcy do lat 12"]
[Site "Sielpia"]
[Date "1899-12-30"]
[Round "3.3"]
[White "Seemann, Jakub"]
[Black "Kutowski, Marcel"]
[Result "1-0"]
[WhiteTitle "I"]
[BlackTitle "I"]
[WhiteElo "2012"]
[BlackElo "1604"]

1. e4 d5 2. exd5 Nf6 3. d4 Nxd5 4. Nf3 g6 5. c4 Nb6 6. Nc3 Bg7 7. c5 Nd5 8. Bc4
c6 9. O-O Be6 10. Qb3 Qd7 11. Re1 O-O 12. Bg5 h6 13. Bh4 Nf4 14. Rad1 Bxc4 15.
Qxc4 Nd5 16. Ne5 Qd8 17. Qb3 g5 18. Nxd5 Qxd5 19. Qxb7 gxh4 20. Qxa8 h3 21. f3
Rd8 22. Qxa7 Bxe5 23. Rxe5 Qxe5 24. dxe5 Rxd1+ 25. Kf2 Nd7 26. gxh3 Nxe5 27. Qb8+
1-0

[Event "XXV OOM - Mistrzostwa Polski Juniorow Mlodszych - Chlopcy do lat 12"]
[Site "Sielpia"]
[Date "1899-12-30"]
[Round "3.4"]
[White "Krawczyk, Flawian"]
[Black "Bochenek, Ryszard"]
[Result "1-0"]
[WhiteTitle "II"]
[BlackTitle "II"]
[WhiteElo "1800"]
[BlackElo "1433"]

1. e4 e6 2. d4 d5 3. Nd2 dxe4 4. Nxe4 Bd7 5. Nf3 Bc6 6. Bd3 Nd7 7. O-O Be7 8. c3
Ngf6 9. Ng3 O-O 10. Re1 b6 11. Bf4 Bb7 12. Bc2 Nd5 13. Bd2 c5 14. c4 N5f6 15.
Bc3 Rc8 16. b3 cxd4 17. Nxd4 Nc5 18. Qe2 Qc7 19. Rad1 Rfd8 20. Nb5 Qc6 21. f3
Rxd1 22. Rxd1 Ra8 23. Nf5 exf5 24. Qxe7 Ne6 25. Nd6 Qc5+ 26. Kh1 Nd8 27. Bxf6
gxf6 28. Qe8+ Kg7 29. Nxf5+ Kg6 30. Qg8+ Qf2 1-0

[Event "XXV OOM - Mistrzostwa Polski Juniorow Mlodszych - Chlopcy do lat 12"]
[Site "Sielpia"]
[Date "1899-12-30"]
[Round "3.5"]
[White "Maslanka, Wojciech"]
[Black "Meers, Hubert"]
[Result "0-1"]
[WhiteTitle "I"]
[BlackTitle "I++"]
[WhiteElo "1541"]
[BlackElo "2022"]

1. e4 c5 2. d4 cxd4 3. c3 g6 4. Nf3 Bg7 5. e5 d5 6. cxd4 Bg4 7. h3 Bxf3 8. Qxf3
Nc6 9. Bb5 e6 10. Nc3 Nge7 11. Bg5 O-O 12. Rd1 Qb6 13. Qd3 Rfc8 14. a3 a6 15.
Bxc6 Nxc6 16. Bc1 f6 17. f4 fxe5 18. fxe5 Rf8 19. Rf1 Rxf1+ 20. Kxf1 Rf8+ 21.
Ke2 Nxe5 22. Qg3 Nc6 23. b4 Nxd4+ 24. Kd3 Rc8 25. Be3 Rxc3+ 0-1

[Event "XXV OOM - Mistrzostwa Polski Juniorow Mlodszych - Chlopcy do lat 12"]
[Site "Sielpia"]
[Date "1899-12-30"]
[Round "3.6"]
[White "Dziewonski, Dariusz"]
[Black "Pancewicz, Szymon"]
[Result "1/2-1/2"]
[WhiteTitle "I"]
[BlackTitle "I"]
[WhiteElo "1817"]
[BlackElo "1605"]

1. e4 c5 2. Nf3 Nc6 3. d4 cxd4 4. Nxd4 Nf6 5. Nc3 e5 6. Ndb5 d6 7. Bg5 a6 8. Na3
b5 9. Nd5 Be7 10. Bxf6 Bxf6 11. c3 Bg5 12. Nc2 Rb8 13. Be2 O-O 14. Bg4 Be6 15.
O-O Qd7 16. Bf3 Ne7 17. Ncb4 a5 18. Nxe7+ Bxe7 19. Nd5 Qb7 20. Ne3 b4 21. c4 Bg5
22. Nd5 Bxd5 23. cxd5 Rfc8 24. b3 Rc3 25. Be2 Rcc8 26. Bc4 Bd8 27. Qg4 Bb6 28.
Kh1 Bd4 29. Rad1 Rc7 30. f4 Qc8 31. f5 f6 32. Rf3 a4 33. Rh3 axb3 34. axb3 Ra8
35. Qh5 h6 36. Qg4 Kh8 1/2-1/2

[Event "XXV OOM - Mistrzostwa Polski Juniorow Mlodszych - Chlopcy do lat 12"]
[Site "Sielpia"]
[Date "1899-12-30"]
[Round "3.7"]
[White "Malek, Jan"]
[Black "Trzebinski, Patryk"]
[Result "1-0"]
[WhiteTitle "II"]
[BlackTitle "I"]
[WhiteElo "1502"]
[BlackElo "1793"]

1. e4 d5 2. exd5 Nf6 3. Be2 Nxd5 4. Nf3 Bg4 5. d4 e6 6. O-O Nc6 7. h3 Bh5 8. c4
Nb6 9. Be3 Be7 10. Nc3 O-O 11. Rc1 f5 12. c5 Nd5 13. Nxd5 exd5 14. Bf4 Bf6 15.
Ne5 Bxe2 16. Nxc6 Qe8 17. Qd2 Bxf1 18. Ne5 Bxe5 19. Bxe5 Bb5 20. Qg5 Qg6 21. Qf4
Qh6 22. Rc3 Qxf4 23. Bxf4 Rae8 24. Rg3 Re7 25. Be5 Rfe8 26. f4 b6 27. b4 a5 28.
bxa5 bxc5 29. dxc5 Rxe5 30. fxe5 Rxe5 31. Rb3 c6 32. a4 Bxa4 33. Rb8+ Kf7 34.
a6 Bb5 35. a7 Re1+ 36. Kf2 Ra1 37. a8=Q Rxa8 38. Rxa8 Kf6 39. Ke3 Bf1 40. Rc8
Bxg2 41. Rxc6+ Ke5 42. Rc7 Bxh3 43. Rxg7 h5 44. c6 d4+ 45. Kf2 d3 46. Rd7 Ke6
47. Rxd3 Ke7 48. Rxh3 Kd6 49. Rxh5 Kxc6 50. Rxf5 Kd6 51. Ke3 Ke6 52. Ke4 Kd6 53.
Rh5 Kc6 54. Kd4 Kb6 55. Kc4 Ka6 56. Rb5 Ka7 57. Kc5 Ka6 58. Kc6 Ka7 59. Ra5+ Kb8
60. Ra6 Kc8 61. Ra8# 1-0

[Event "XXV OOM - Mistrzostwa Polski Juniorow Mlodszych - Chlopcy do lat 12"]
[Site "Sielpia"]
[Date "1899-12-30"]
[Round "3.8"]
[White "Herwy, Jakub"]
[Black "Wiatrowski, Zbigniew"]
[Result "0-1"]
[WhiteTitle "I+"]
[BlackTitle "I"]
[WhiteElo "1713"]
[BlackElo "1597"]

1. e4 d5 2. exd5 Qxd5 3. Nc3 Qd8 4. d4 g6 5. Nf3 Nf6 6. Bc4 Bg7 7. O-O O-O 8. Bf4
a6 9. Qd2 b5 10. Bb3 Bb7 11. Ne5 Nbd7 12. Nxd7 Qxd7 13. f3 Rfd8 14. Rad1 Rac8
15. Rfe1 Kf8 16. Qe2 h6 17. a4 b4 18. Qc4 Nd5 19. Nxd5 Bxd5 20. Qxb4 Bxb3 21.
Qxb3 Bxd4+ 22. Be3 c5 23. Kf1 Qc7 24. Bxh6+ Kg8 25. f4 Rb8 26. Qc4 Rxb2 27. Rd3
Rb4 28. Qa2 Bf6 29. Rg3 e6 30. f5 Bh4 31. Qa1 Rbd4 32. c3 Bxg3 33. cxd4 Bxe1 34.
dxc5 e5 35. Kxe1 Qxc5 36. Ke2 Qc2+ 37. Kf3 Qxf5+ 38. Ke3 Qd3+ 39. Kf2 Qd4+ 40.
Qxd4 Rxd4 41. a5 Ra4 42. Bd2 Ra2 43. Ke3 Rxd2 44. Kxd2 f5 45. g4 fxg4 46. Ke3
Kf7 47. Ke4 Ke6 48. Ke3 Kf5 49. Kd3 Kf4 50. Ke2 e4 0-1

[Event "XXV OOM - Mistrzostwa Polski Juniorow Mlodszych - Chlopcy do lat 12"]
[Site "Sielpia"]
[Date "1899-12-30"]
[Round "3.9"]
[White "Karwacki, Piotr"]
[Black "Wierzbicki, Dawid"]
[Result "1-0"]
[WhiteTitle "I"]
[BlackTitle "I"]
[WhiteElo "1813"]
[BlackElo "1500"]

1. e4 c5 2. Nf3 g6 3. g3 Bg7 4. Bg2 Nc6 5. O-O d6 6. c3 e5 7. d3 Be6 8. Na3 Nge7
9. Ng5 Bc8 10. Qb3 O-O 11. f4 h6 12. Nf3 b6 13. Nc4 Be6 14. Qd1 b5 15. Ne3 Qb6
16. Kh1 Rad8 17. Nh4 exf4 18. Nd5 Qb7 19. Nxf4 Kh7 20. Be3 b4 21. Qd2 Ne5 22.
Nf3 N7c6 23. d4 Nc4 24. Qe2 Nxe3 25. Qxe3 cxd4 26. cxd4 Bg4 27. e5 Rfe8 28. Qc1
Rc8 29. exd6 Qd7 30. Qd2 Bxf3 31. Bxf3 Nxd4 32. Bd5 f5 33. Qxb4 Nc2 34. Qb7 Qxd6
35. Bf7 Rb8 36. Qf3 Re3 37. Qf2 Nxa1 38. Bxg6+ Kh8 39. Qxe3 Qc6+ 40. Qf3 Qxf3+
41. Rxf3 Rxb2 42. Re3 Rb1+ 43. Kg2 Rb2+ 44. Kh3 Bf6 45. Nh5 Rb8 46. Nxf6 Kg7 47.
Nd7 Rd8 48. Bxf5 Ra8 49. Re7+ 1-0

[Event "XXV OOM - Mistrzostwa Polski Juniorow Mlodszych - Chlopcy do lat 12"]
[Site "Sielpia"]
[Date "1899-12-30"]
[Round "3.10"]
[White "Zalega, Maciej"]
[Black "Madej, Marek"]
[Result "0-1"]
[WhiteTitle "II+"]
[BlackTitle "I"]
[WhiteElo "1538"]
[BlackElo "1847"]

1. e4 c5 2. Nf3 e6 3. d4 cxd4 4. Nxd4 a6 5. Bd3 Qc7 6. O-O Nf6 7. Qe2 Bc5 8. Nb3
Be7 9. e5 Nd5 10. Bd2 Nc6 11. f4 d6 12. Nc3 dxe5 13. Nxd5 exd5 14. fxe5 Be6 15.
Rae1 h5 16. Bf5 O-O-O 17. Kh1 Rdf8 18. Qd3 Kb8 19. Bxe6 fxe6 20. Qg6 Qxe5 21.
h3 Rxf1+ 22. Rxf1 Qxb2 23. Qxe6 Qxa2 24. Rf7 Qxc2 25. Na5 Nxa5 26. Bxa5 Qb1+ 27.
Kh2 Bc5 28. Qxd5 Qb5 29. Kh1 h4 30. Qe4 Ka8 31. Be1 g5 32. Qe5 Re8 33. Qc3 Ba7
34. Rh7 Qf1+ 0-1

[Event "XXV OOM - Mistrzostwa Polski Juniorow Mlodszych - Chlopcy do lat 12"]
[Site "Sielpia"]
[Date "1899-12-30"]
[Round "3.11"]
[White "Grot, Blazej"]
[Black "Jaworski, Tymon"]
[Result "0-1"]
[WhiteTitle "CM"]
[BlackTitle "II+"]
[WhiteElo "1604"]
[BlackElo "1498"]

1. e4 e5 2. Nf3 Nc6 3. Bb5 a6 4. Ba4 Nf6 5. O-O Be7 6. Re1 b5 7. Bb3 d6 8. c3 O-O
9. h3 Na5 10. Bc2 c5 11. d4 Nc6 12. d5 Na5 13. Nbd2 c4 14. a4 Bd7 15. Nf1 Nb7
16. Be3 Be8 17. Ng3 Nd7 18. Nf5 Ndc5 19. axb5 Bxb5 20. Nh2 Bd7 21. Qg4 Bxf5 22.
exf5 Nd3 23. Reb1 Qc8 24. b3 Nbc5 25. Qxc4 e4 26. Bxc5 Qxc5 27. Bxd3 exd3 28.
Qxd3 Bf6 29. Rc1 Rab8 30. Ng4 Bg5 31. Rcb1 h5 32. Nh2 a5 33. Ra4 Rfc8 34. Rc4
Qb6 35. Nf3 Bf6 36. Rxc8+ Rxc8 37. c4 Rb8 38. Nd2 Bd4 39. Qf3 Qb4 40. Rd1 Bc3
41. Ne4 Be5 42. Qxh5 Qxb3 43. Ng5 Rb7 44. Rf1 Qxc4 45. Qh7+ Kf8 46. Qh8+ Ke7 47.
Nh7 Qxd5 48. Qf8+ Kd7 49. Qa8 Rb5 50. Nf8+ Ke7 51. Qc8 Qb7 52. Ng6+ fxg6 53. Qe6+
Kd8 54. fxg6 Qd7 55. Qg8+ Qe8 56. Qc4 Rc5 57. Qg4 Qd7 58. Qe4 Kc7 59. f4 Bf6 60.
Rb1 Qc6 61. Qe3 Qa4 62. Qe6 Qc4 63. Qe8 Bd8 64. Qf8 Qd4+ 65. Kh1 Qf6 66. Qe8 Qxf4
67. Qe1 Qg5 68. Qd1 Qxg6 69. Qb3 Kd7 70. Qa4+ Ke7 71. Qh4+ Qf6 72. Qe4+ Re5 73.
Qh7 Rf5 74. Rb7+ Ke6 75. Qg8+ Ke5 76. Rb5+ Kd4 77. Rxf5 Qxf5 78. Qxd8 Qe5 79.
Qb6+ Ke4 80. Qb1+ Ke3 81. Qc1+ Kf2 82. Qd2+ Qe2 83. Qxd6 Qf1+ 84. Kh2 Qxg2# 0-1

[Event "XXV OOM - Mistrzostwa Polski Juniorow Mlodszych - Chlopcy do lat 12"]
[Site "Sielpia"]
[Date "1899-12-30"]
[Round "3.12"]
[White "Musial, Igor"]
[Black "Rog, Bartlomiej"]
[Result "1/2-1/2"]
[WhiteTitle "I"]
[BlackTitle "I"]
[WhiteElo "1602"]
[BlackElo "1491"]

1. e4 e5 2. Nf3 Nc6 3. Bb5 a6 4. Ba4 Nf6 5. O-O b5 6. Bb3 Be7 7. Re1 O-O 8. c3
d5 9. exd5 Nxd5 10. d4 exd4 11. Nxd4 Nxd4 12. cxd4 Bb7 13. Nc3 Nxc3 14. bxc3 c5
15. Qg4 cxd4 16. cxd4 Bf6 17. Be3 Re8 18. Rad1 Bd5 19. Qh5 Bxb3 20. axb3 Qd6 21.
Qc5 Rad8 22. Qxd6 Rxd6 23. Bf4 Rxe1+ 24. Rxe1 Re6 25. Rc1 h5 26. d5 Re8 27. Rd1
Rd8 28. d6 Rd7 29. Rc1 g5 30. Be3 Rxd6 31. Kf1 Kg7 32. Ke2 Kg6 33. Rc5 Bd8 34.
Rc8 f6 35. Ra8 Bc7 36. Rg8+ Kf5 37. Ra8 Re6 38. g3 Kg4 39. Rh8 Bb6 40. h3+ Kxh3
41. Kf3 h4 42. gxh4 g4+ 43. Kf4 Bxe3+ 44. fxe3 g3 45. Rg8 g2 46. Kf3 Kxh4 47.
Rxg2 Kh5 48. Kf4 Re5 49. Ra2 Re6 50. Kf5 Re5+ 51. Kxf6 Rxe3 52. Rxa6 Rxb3 53.
Ke5 Rb1 54. Kd4 b4 55. Ke4 1/2-1/2

[Event "XXV OOM - Mistrzostwa Polski Juniorow Mlodszych - Chlopcy do lat 12"]
[Site "Sielpia"]
[Date "1899-12-30"]
[Round "3.13"]
[White "Malinowski, Szymon"]
[Black "Nowak, Filip"]
[Result "1-0"]
[WhiteTitle "I"]
[BlackTitle "I"]
[WhiteElo "1494"]
[BlackElo "1591"]

1. d4 d5 2. Nf3 Nf6 3. e3 e6 4. Bd3 c5 5. b3 Nc6 6. Bb2 Bd6 7. Nbd2 O-O 8. O-O
b6 9. c4 Qe7 10. Rc1 e5 11. cxd5 Nxd5 12. dxe5 Nxe5 13. Nxe5 Bxe5 14. Qh5 Bxh2+
15. Qxh2 h6 16. Qg3 Nf6 17. Be4 Rb8 18. Bxf6 Qxf6 19. Qxb8 Ba6 20. Qf4 1-0

[Event "XXV OOM - Mistrzostwa Polski Juniorow Mlodszych - Chlopcy do lat 12"]
[Site "Sielpia"]
[Date "1899-12-30"]
[Round "3.14"]
[White "Skrzypinski, Jan"]
[Black "Grzadka, Artur"]
[Result "0-1"]
[WhiteTitle "II+"]
[BlackTitle "I"]
[WhiteElo "1365"]
[BlackElo "1585"]

1. e4 c5 2. Nf3 Nc6 3. g3 g6 4. Bg2 Bg7 5. O-O d6 6. c3 Bg4 7. d3 Ne5 8. Bf4 Nxf3+
9. Bxf3 Bxf3 10. Qxf3 e6 11. Nd2 Ne7 12. Nc4 e5 13. Bg5 O-O 14. Bxe7 Qxe7 15.
Ne3 Rac8 16. Nd5 Qe6 17. c4 Kh8 18. Rab1 f5 19. exf5 gxf5 20. Rfe1 Qd7 21. Qe3
Rce8 22. b4 b6 23. bxc5 bxc5 24. Rb5 f4 25. Qe4 Qf7 26. Qg2 Bh6 27. Reb1 Qf5 28.
Qe4 fxg3 29. Qxf5 gxh2+ 30. Kxh2 Rxf5 31. Kg2 Rg8+ 32. Kf1 Rgf8 33. R1b2 Bc1 34.
Rc2 Bg5 35. Nc3 h5 36. Ne4 Be7 37. Rb7 R8f7 38. Rb8+ Kh7 39. Ng3 Rf3 40. Rb7 Rxg3
41. Rxe7 Rxe7 42. fxg3 Rg7 43. Kf2 Kh6 44. Rb2 Rf7+ 45. Kg2 Kg5 46. Rb8 Rd7 47.
Kf3 Kf6 48. Ke4 Rg7 49. Rd8 Ke7 50. Ra8 Rxg3 51. Rxa7+ Ke6 52. Rh7 Rg4+ 53. Kf3
Rd4 54. Ke3 e4 55. Rh6+ Kd7 56. Rxh5 Rxd3+ 57. Kxe4 Rd4+ 58. Ke3 Rxc4 59. Kd3
Ra4 60. Rh2 Kc6 61. Kc3 d5 62. Rh6+ Kb5 63. Rh5 d4+ 64. Kb3 Rb4+ 65. Kc2 Kc4 66.
Rh4 Ra4 67. Kb2 Kb4 68. Rh8 d3 69. Rd8 Kc4 70. a3 Ra5 71. Rh8 Rb5+ 72. Kc1 Kc3
73. Rh3 c4 74. a4 Rb2 75. Rg3 Ra2 76. Kb1 Rxa4 77. Rh3 Rb4+ 78. Kc1 Rb2 79. Rg3
Rf2 80. Rg1 Ra2 81. Kb1 Re2 82. Rc1+ Kb3 83. Rh1 d2 84. Rh3+ c3 85. Rxc3+ Kxc3
86. Ka2 d1=Q+ 87. Ka3 Qa1# 0-1

[Event "XXV OOM - Mistrzostwa Polski Juniorow Mlodszych - Chlopcy do lat 12"]
[Site "Sielpia"]
[Date "1899-12-30"]
[Round "3.15"]
[White "Sniadecki, Oskar"]
[Black "Karp, Kacper"]
[Result "0-1"]
[WhiteTitle "II"]
[BlackTitle "II+"]
[WhiteElo "1345"]
[BlackElo "1571"]

1. d4 Nf6 2. c4 e6 3. Nf3 d5 4. Nc3 Be7 5. cxd5 exd5 6. e3 Bf5 7. Bd3 Bxd3 8. Qxd3
O-O 9. O-O c6 10. Re1 Re8 11. Qc2 Nbd7 12. e4 dxe4 13. Nxe4 Nxe4 14. Rxe4 Nf6
15. Re1 Qc7 16. a3 Bd6 17. Bg5 Nd5 18. Bh4 h6 19. Bg3 Bxg3 20. hxg3 Qb6 21. b4
Rad8 22. Qc5 Nf6 23. Rad1 Ne4 24. Qc4 Re6 25. Qc2 Rde8 26. Ne5 Nd6 27. Qb3 Nb5
28. Re4 Qd8 29. Rf4 f6 30. Nd3 Qd5 31. Qxd5 cxd5 32. a4 Nc3 33. Rd2 Ne2+ 34. Kf1
Nxf4 35. gxf4 Re4 0-1

[Event "XXV OOM - Mistrzostwa Polski Juniorow Mlodszych - Chlopcy do lat 12"]
[Site "Sielpia"]
[Date "1899-12-30"]
[Round "3.16"]
[White "Kolendo, Kajetan"]
[Black "Borowik, Wojciech"]
[Result "0-1"]
[WhiteTitle "II"]
[BlackTitle "I"]
[WhiteElo "1197"]
[BlackElo "1556"]

1. e4 c5 2. c3 g6 3. d4 cxd4 4. cxd4 Bg7 5. Nf3 Nf6 6. Nc3 O-O 7. Bd3 d6 8. h3
a6 9. O-O b5 10. a3 Bb7 11. Be3 Nbd7 12. Qd2 Re8 13. Bh6 Nb6 14. Bxg7 Kxg7 15.
Ng5 h6 16. Nf3 Rc8 17. Rac1 e5 18. d5 Nh5 19. Ne2 f5 20. exf5 e4 21. Nfd4 exd3
22. Ne6+ Rxe6 23. dxe6 dxe2 24. Qxe2 Qg5 0-1

[Event "XXV OOM - Mistrzostwa Polski Juniorow Mlodszych - Chlopcy do lat 12"]
[Site "Sielpia"]
[Date "1899-12-30"]
[Round "3.17"]
[White "Janeczko, Jakub"]
[Black "Wolski, Michal"]
[Result "1/2-1/2"]
[WhiteTitle "I"]
[BlackTitle "II"]
[WhiteElo "1544"]
[BlackElo "1448"]

1. e4 c6 2. d4 d5 3. Nc3 dxe4 4. Nxe4 Bf5 5. Ng3 Bg6 6. h4 h6 7. Nf3 Nd7 8. Bd3
Bxd3 9. Qxd3 e6 10. Bf4 Ngf6 11. O-O Be7 12. Rfe1 O-O 13. Rad1 Nd5 14. Bd2 c5
15. c4 N5f6 16. Bc3 cxd4 17. Bxd4 Bc5 18. Qc3 Qc7 19. Re2 Bxd4 20. Nxd4 Rac8 21.
b3 a6 22. Qb2 Nc5 23. Red2 Qf4 24. Nf3 Rfe8 25. Rd4 Qc7 26. Rd6 Rcd8 27. Qe5 Rxd6
28. Qxd6 Qxd6 29. Rxd6 Kf8 30. Kf1 Ke7 31. Rd4 Rd8 32. Ke2 Rxd4 33. Nxd4 Kd6 34.
f3 Ke5 35. Ke3 g5 36. hxg5 hxg5 37. b4 Ncd7 38. Ne4 Nxe4 39. fxe4 f5 40. exf5
exf5 41. Nf3+ Kf6 42. Kd4 g4 43. Nd2 1/2-1/2

[Event "XXV OOM - Mistrzostwa Polski Juniorow Mlodszych - Chlopcy do lat 12"]
[Site "Sielpia"]
[Date "1899-12-30"]
[Round "3.18"]
[White "Rylski, Tadeusz"]
[Black "Merecki, Antoni"]
[Result "1-0"]
[WhiteTitle "II+"]
[BlackTitle "II"]
[WhiteElo "1650"]
[BlackElo "1177"]

1. e4 Nf6 2. e5 Nd5 3. d4 d6 4. exd6 cxd6 5. c4 Nb6 6. Bd3 Nc6 7. Ne2 g6 8. Bd2
Bg7 9. Bc3 O-O 10. O-O d5 11. c5 Nd7 12. b4 a6 13. f4 f5 14. Nd2 Nf6 15. Qb3 e6
16. Nf3 Rb8 17. Ne5 Nxe5 18. dxe5 Ne4 19. Nd4 Qc7 20. a4 b6 21. c6 Re8 22. Be1
g5 23. Bxe4 dxe4 24. g3 Kh8 25. b5 gxf4 26. gxf4 Rg8 27. Kh1 Bxe5 28. fxe5 Rg6
29. Qb4 Qxe5 30. Bc3 a5 31. Qa3 Rf6 32. Nxe6 1-0

[Event "XXV OOM - Mistrzostwa Polski Juniorow Mlodszych - Chlopcy do lat 12"]
[Site "Sielpia"]
[Date "1899-12-30"]
[Round "3.19"]
[White "Krol, Jan"]
[Black "Paszkowski, Krystian"]
[Result "1/2-1/2"]
[WhiteTitle "II+"]
[BlackTitle "I"]
[WhiteElo "1405"]
[BlackElo "1727"]

1. e4 c5 2. Nf3 e6 3. d4 cxd4 4. Nxd4 a6 5. c4 Nf6 6. Nc3 Qc7 7. Be3 b6 8. Be2
Bb7 9. f3 Be7 10. O-O O-O 11. Rc1 d6 12. Qd2 Nbd7 13. b3 Rac8 14. h3 Qb8 15. Na4
Rfe8 16. Rfe1 Ba8 17. Nc3 Bb7 18. Na4 Bd8 19. Nc3 Bc7 20. Bd3 Ne5 21. Be2 Ng6
22. Bd3 d5 23. exd5 exd5 24. cxd5 Bg3 25. Bf2 Bf4 26. Be3 Bh2+ 27. Kh1 Bg3 28.
Bf2 Bf4 29. Be3 Rxe3 30. Rxe3 Bxe3 31. Qxe3 Rxc3 32. Rxc3 Nxd5 33. Qd2 Nxc3 34.
Qxc3 Nh4 35. Qe1 Ng6 1/2-1/2

[Event "XXV OOM - Mistrzostwa Polski Juniorow Mlodszych - Chlopcy do lat 12"]
[Site "Sielpia"]
[Date "1899-12-30"]
[Round "3.20"]
[White "Jaskiewicz, Kacper"]
[Black "Klim, Filip"]
[Result "0-1"]
[WhiteTitle "II"]
[BlackTitle "I"]
[WhiteElo "1372"]
[BlackElo "1543"]

1. d4 d5 2. c4 c6 3. cxd5 cxd5 4. Nf3 Nf6 5. Bf4 Nc6 6. Nc3 e6 7. e3 Bd6 8. Bxd6
Qxd6 9. a3 O-O 10. Be2 Bd7 11. O-O Ne4 12. Rc1 f5 13. Bb5 Rac8 14. Bxc6 Rxc6 15.
Ne5 Nxc3 16. bxc3 Ra6 17. Rb1 Rb8 18. Qc1 Be8 19. Rb3 Rb6 20. Qb2 Rxb3 21. Qxb3
b6 22. h3 Rc8 23. Rc1 Bd7 24. Qb2 Rc7 25. Rc2 Ba4 26. Rc1 a6 27. Rb1 Rb7 28. Kh1
Bb5 29. Kg1 Bc4 30. Ra1 h6 31. Rc1 b5 32. Rb1 a5 33. Kh1 Qc7 34. Kg1 Kh7 35. Qc2
Kg8 36. Qb2 Rb6 37. Kh1 Qb7 38. Kg1 Kh7 39. Kh1 Qc7 40. Rc1 Rb7 41. Kg1 Qc8 42.
Rb1 Qf8 43. Qc1 Ba2 44. Ra1 Bc4 45. Rb1 Qd6 46. Qd2 Qxa3 47. Qd1 g6 48. Qe1 b4
49. cxb4 axb4 50. Kh2 b3 51. Qc3 Qa2 52. Rb2 Qa4 53. Nd3 Bxd3 54. Qxd3 Qc4 55.
Qd1 Qc3 56. Qb1 Kg7 57. g3 Kf6 58. Kg2 g5 59. Kf3 e5 60. dxe5+ Qxe5 61. Ke2 Qc3
62. h4 gxh4 63. gxh4 Qc4+ 64. Qd3 Ra7 65. Rxb3 Ra2+ 66. Kf1 Ra1+ 67. Kg2 Qg4+
68. Kh2 Qg1+ 69. Kh3 Qh1+ 70. Kg3 Rg1+ 71. Kf4 Qxh4+ 72. Kf3 Qg4# 0-1

[Event "XXV OOM - Mistrzostwa Polski Juniorow Mlodszych - Chlopcy do lat 12"]
[Site "Sielpia"]
[Date "1899-12-30"]
[Round "3.21"]
[White "Wiszniewski, Szymon"]
[Black "Zieba, Hubert"]
[Result "1-0"]
[WhiteTitle "II+"]
[BlackTitle "I"]
[WhiteElo "1445"]
[BlackElo "1419"]

1. e4 c5 2. Nf3 Nc6 3. Bb5 g6 4. Bxc6 bxc6 5. O-O Bg7 6. Re1 d5 7. e5 e6 8. d3
h6 9. c4 Ne7 10. Nc3 O-O 11. Na4 Qc7 12. Nxc5 Rd8 13. Qc2 Rb8 14. h4 Nf5 15. Bf4
Bf8 16. Nb3 Be7 17. c5 Ba6 18. g3 Bb5 19. Nbd4 Nxd4 20. Nxd4 Kg7 21. Rac1 Qa5
22. a3 Rb7 23. Ra1 Ba4 24. Bd2 Qb5 25. Nxb5 Bxc2 26. Nd4 Bxd3 27. Nxc6 Rc8 28.
Nxe7 Rxe7 29. b4 Rb7 30. Rec1 Bb5 31. a4 Bc4 32. Rab1 a6 33. Be3 Rcb8 34. Bd2
Rc8 35. g4 Rcb8 36. f4 Rc7 37. Bc3 Kg8 38. h5 gxh5 39. gxh5 Be2 40. Rb2 Bxh5 41.
Rh2 Bg6 42. Rxh6 Kg7 43. Rh2 Rcc8 44. Rb2 Bd3 45. Bd4 Bc4 46. Kf2 Kf8 47. Ke3
Ke7 48. Rcb1 Rh8 49. c6 Rbg8 50. Bc5+ Kd8 51. Bd6 Rg3+ 52. Kd4 Rf3 53. b5 Rxf4+
54. Kc5 axb5 55. axb5 Bxb5 56. Rxb5 Rc4+ 57. Kb6 Rhh4 58. Ra1 Ra4 59. Rxa4 Rxa4
60. Kb7 Rc4 61. c7+ Kd7 62. Bc5 1-0

[Event "XXV OOM - Mistrzostwa Polski Juniorow Mlodszych - Chlopcy do lat 12"]
[Site "Sielpia"]
[Date "1899-12-30"]
[Round "3.22"]
[White "Miler, Franciszek"]
[Black "Kozera, Dawid"]
[Result "1-0"]
[WhiteTitle "II"]
[BlackTitle "II"]
[WhiteElo "1431"]
[BlackElo "1280"]

1. e4 c5 2. c4 d6 3. Ne2 e6 4. Nbc3 a6 5. d4 cxd4 6. Nxd4 Nf6 7. f3 g6 8. Be2 Bg7
9. Be3 Nbd7 10. O-O O-O 11. Nb3 Qc7 12. Rc1 b6 13. Qd2 Rd8 14. Rfd1 Ne5 15. Na4
Rb8 16. c5 b5 17. cxd6 Qxd6 18. Qxd6 Rxd6 19. Rxd6 bxa4 20. Rd8+ Bf8 21. Rcxc8
Rxc8 22. Rxc8 axb3 23. axb3 Kg7 24. Bxa6 Bb4 25. Rb8 Bd6 26. Rb7 Ned7 27. b4 Nb8
28. Bb5 Kf8 29. Ba7 Nbd7 30. Bxd7 Nxd7 31. Rxd7 Bxb4 32. Rc7 Ke8 33. Bc5 Ba5 34.
Re7+ Kd8 35. Rxf7 Ke8 36. Rxh7 1-0

[Event "XXV OOM - Mistrzostwa Polski Juniorow Mlodszych - Chlopcy do lat 12"]
[Site "Sielpia"]
[Date "1899-12-30"]
[Round "3.23"]
[White "Jarocki, Gabriel"]
[Black "Krasniewski, Maciej"]
[Result "1-0"]
[WhiteTitle "II"]
[BlackTitle "I"]
[WhiteElo "1434"]
[BlackElo "1537"]

1. e4 c5 2. Nc3 g6 3. f4 Nc6 4. Nf3 Bg7 5. g3 e6 6. Bg2 Nge7 7. d3 O-O 8. O-O b6
9. Be3 Bb7 10. d4 d6 11. Qd2 f5 12. Ng5 Qc8 13. dxc5 dxc5 14. e5 h6 15. Nf3 Rd8
16. Qf2 Nb4 17. Nb5 Ned5 18. Rfc1 a6 19. Nd6 Rxd6 20. exd6 Bxb2 21. a3 Bxc1 22.
Bxc1 Nc6 23. Bb2 Qd8 24. Rd1 Rc8 25. c4 Nde7 26. Qc2 Nd5 27. cxd5 exd5 28. Ne5
d4 29. Qc4+ 1-0